[Event "Is Bankasi Online Satranc Turn.13-14 Yas"]
[Site "T#645826Mustafa Kemal"]
[Date "2020.05.08"]
[Round "1"]
[White "Hasancanari30"]
[Black "Berkeeroglu76"]
[Result "0-1"]
[WhiteElo "1620"]
[BlackElo "1774"]
[Annotator "NA RC"]
[PlyCount "74"]
[EventDate "2020.05.08"]
[EventType "swiss (blitz)"]
[TimeControl "180+2"]

1. d4 {[%emt 0:00:03]} Nf6 {[%emt 0:00:02]} 2. c4 {[%emt 0:00:01]} g6 {[%emt 0:00:01]} 3. Nc3 {[%emt 0:00:01]} Bg7 {[%emt 0:00:01]} 4. e4 {[%emt 0:00:01]} d6 {[%emt 0:00:01]} 5. f3 {[%emt 0:00:01]} O-O {[%emt 0:00:02]} 6. Be3 {[%emt 0:00:01]} e5 {[%emt 0:00:02]} 7. d5 {[%emt 0:00:02]} a5 {[%emt 0:00:02]} 8. Qd2 {[%emt 0:00:01]} Na6 {[%emt 0:00:02]} 9. Nge2 {[%emt 0:00:01]} Nc5 {[%emt 0:00:03]} 10. h4 {[%emt 0:00:04]} h5 {[%emt 0:00:07]} 11. O-O-O {[%emt 0:00:07]} Bd7 {[%emt 0:00:19]} 12. Bg5 {[%emt 0:00:33]} Qe7 {[%emt 0:00:19]} 13. g4 {[%emt 0:00:04]} hxg4 {[%emt 0:00:07]} 14. fxg4 {[%emt 0:00:03]} Bxg4 {[%emt 0:00:01]} 15. Bh3 {[%emt 0:00:05]} Bxh3 {[%emt 0:00:19]} 16. Rxh3 {[%emt 0:00:03]} Qd7 {[%emt 0:00:05]} 17. Re3 {[%emt 0:00:16]} Nh5 {[%emt 0:00:17]} 18. Rf3 {[%emt 0:00:11]} f5 {[%emt 0:00:05]} 19. exf5 {[%emt 0:00:31]} Rxf5 {[%emt 0:00:03]} 20. Rdf1 {[%emt 0:00:06]} Raf8 {[%emt 0:00:03]} 21. Rxf5 {[%emt 0:00:10]} Rxf5 {[%emt 0:00:00]} 22. Rxf5 {[%emt 0:00:01]} Qxf5 {[%emt 0:00:04]} 23. Nb5 {[%emt 0:00:21]} Nd3+ {[%emt 0:00:17]} 24. Kd1 {[%emt 0:00:09]} Qf1+ {[%emt 0:00:05]} 25. Kc2 {[%emt 0:00:02]} Nb4+ {[%emt 0:00:15]} 26. Kb3 {[%emt 0:00:06]} Na6 {[%emt 0:00:18]} 27. Nec3 {[%emt 0:00:18]} Nf4 {[%emt 0:00:10]} 28. Bxf4 {[%emt 0:00:03]} exf4 {[%emt 0:00:02]} 29. Qc2 {[%emt 0:00:16]} Qg1 {[%emt 0:00:28]} 30. Qe4 {[%emt 0:00:10]} Nc5+ {[%emt 0:00:04]} 31. Ka3 {[%emt 0:00:01]} Nxe4 {[%emt 0:00:01]} 32. Nxe4 {[%emt 0:00:00]} Qg2 {[%emt 0:00:03]} 33. Nec3 {[%emt 0:00:01]} f3 {[%emt 0:00:03]} 34. Nxc7 {[%emt 0:00:01]} f2 {[%emt 0:00:01]} 35. Ne6 {[%emt 0:00:02]} f1=Q {[%emt 0:00:01]} 36. Ng5 {[%emt 0:00:06]} Qxc4 {[%emt 0:00:02]} 37. Ne6 {[%emt 0:00:03]} Qb4# {[%emt 0:00:02] (Lag: Av=0.69s, max=3.7s)} 0-1

[Event "Is Bankasi Online Satranc Turn.13-14 Yas"]
[Site "T#645826Mustafa Kemal"]
[Date "2020.05.08"]
[Round "1"]
[White "Idaoztuksavul92"]
[Black "Doruksezis38"]
[Result "0-1"]
[WhiteElo "1620"]
[BlackElo "1788"]
[Annotator "NA RC"]
[PlyCount "90"]
[EventDate "2020.05.08"]
[EventType "swiss (blitz)"]

1. e4 {[%emt 0:00:02]} c5 {[%emt 0:00:03]} 2. Nf3 {[%emt 0:00:13]} d6 {[%emt 0:00:01]} 3. d4 {[%emt 0:00:07]} cxd4 {[%emt 0:00:00]} 4. Nxd4 {[%emt 0:00:02]} Nf6 {[%emt 0:00:01]} 5. Nc3 {[%emt 0:00:02]} g6 {[%emt 0:00:01]} 6. Be3 {[%emt 0:00:03]} Bg7 {[%emt 0:00:01]} 7. f3 {[%emt 0:00:01]} O-O {[%emt 0:00:01]} 8. Qd2 {[%emt 0:00:01]} Nc6 {[%emt 0:00:01]} 9. g4 {[%emt 0:00:01]} Nxd4 {[%emt 0:00:01]} 10. Bxd4 {[%emt 0:00:01]} Be6 {[%emt 0:00:01]} 11. h4 {[%emt 0:00:02]} Qa5 {[%emt 0:00:01]} 12. h5 {[%emt 0:00:02]} Rac8 {[%emt 0:00:08]} 13. hxg6 {[%emt 0:00:03]} fxg6 {[%emt 0:00:02]} 14. Be2 {[%emt 0:00:02]} a6 {[%emt 0:00:41]} 15. g5 {[%emt 0:00:22]} Nh5 {[%emt 0:00:37]} 16. Bxg7 {[%emt 0:00:04]} Kxg7 {[%emt 0:00:04]} 17. O-O-O {[%emt 0:00:20]} Bxa2 {[%emt 0:01:05]} 18. Rxh5 {[%emt 0:00:12]} gxh5 {[%emt 0:00:06]} 19. Qd4+ {[%emt 0:00:08]} Kg8 {[%emt 0:00:16]} 20. Nxa2 {[%emt 0:00:04]} Qxa2 {[%emt 0:00:00]} 21. Rd3 {[%emt 0:00:37]} Qa1+ {[%emt 0:00:16]} 22. Kd2 {[%emt 0:00:03]} Qa5+ {[%emt 0:00:01]} 23. Kd1 {[%emt 0:00:06]} Qc5 {[%emt 0:00:09]} 24. Qa4 {[%emt 0:00:07]} b5 {[%emt 0:00:03]} 25. Qb3+ {[%emt 0:00:03]} Qc4 {[%emt 0:00:00]} 26. Rc3 {[%emt 0:00:13]} Qxb3 {[%emt 0:00:01]} 27. Rxb3 {[%emt 0:00:00]} Rc6 {[%emt 0:00:01]} 28. Ra3 {[%emt 0:00:01]} Kg7 {[%emt 0:00:01]} 29. Ke1 {[%emt 0:00:02]} Kg6 {[%emt 0:00:01]} 30. Kf2 {[%emt 0:00:01]} Kg7 {[%emt 0:00:01]} 31. Kg3 {[%emt 0:00:02]} Rxc2 {[%emt 0:00:01]} 32. Bd3 {[%emt 0:00:01]} Rc6 {[%emt 0:00:01]} 33. f4 {[%emt 0:00:02]} e5 {[%emt 0:00:02]} 34. f5 {[%emt 0:00:02]} h6 {[%emt 0:00:07]} 35. g6 {[%emt 0:00:02]} b4 {[%emt 0:00:03]} 36. Rxa6 {[%emt 0:00:03]} Rxa6 {[%emt 0:00:01]} 37. Bxa6 {[%emt 0:00:00]} Ra8 {[%emt 0:00:01]} 38. Bc4 {[%emt 0:00:02]} Ra1 {[%emt 0:00:01]} 39. b3 {[%emt 0:00:03]} Rg1+ {[%emt 0:00:02]} 40. Kh2 {[%emt 0:00:02]} Re1 {[%emt 0:00:06]} 41. Bd5 {[%emt 0:00:02]} Kf6 {[%emt 0:00:01]} 42. Kg3 {[%emt 0:00:02]} Re3+ {[%emt 0:00:01]} 43. Kh4 {[%emt 0:00:01]} Re1 {[%emt 0:00:06]} 44. Kxh5 {[%emt 0:00:01]} Rg1 {[%emt 0:00:01]} 45. Kxh6 {[%emt 0:00:02]} Rh1# {[%emt 0:00:01] (Lag: Av=1.58s, max=9.8s)} 0-1

[Event "Is Bankasi Online Satranc Turn.13-14 Yas"]
[Site "T#645826Mustafa Kemal"]
[Date "2020.05.08"]
[Round "1"]
[White "Kaanacar92"]
[Black "muhammedenisal44"]
[Result "1-0"]
[WhiteElo "1620"]
[BlackElo "1582"]
[Annotator "NA RC"]
[PlyCount "103"]
[EventDate "2020.05.08"]
[EventType "swiss (blitz)"]

1. e4 {[%emt 0:00:01]} c5 {[%emt 0:00:05]} 2. Nf3 {[%emt 0:00:01]} d6 {[%emt 0:00:02]} 3. Bb5+ {[%emt 0:00:04]} Bd7 {[%emt 0:00:02]} 4. Bxd7+ {[%emt 0:00:01]} Nxd7 {[%emt 0:00:01]} 5. O-O {[%emt 0:00:03]} e5 {[%emt 0:00:04]} 6. c3 {[%emt 0:00:01]} Ngf6 {[%emt 0:00:02]} 7. d3 {[%emt 0:00:01]} g6 {[%emt 0:00:02]} 8. Nbd2 {[%emt 0:00:01]} Bg7 {[%emt 0:00:01]} 9. Re1 {[%emt 0:00:01]} O-O {[%emt 0:00:04]} 10. Nf1 {[%emt 0:00:01]} Re8 {[%emt 0:00:07]} 11. Ng3 {[%emt 0:00:02]} d5 {[%emt 0:00:03]} 12. exd5 {[%emt 0:00:15]} Nxd5 {[%emt 0:00:02]} 13. Ne4 {[%emt 0:00:02]} N7f6 {[%emt 0:00:07]} 14. Bg5 {[%emt 0:00:10]} b6 {[%emt 0:00:07]} 15. Qd2 {[%emt 0:00:20]} Re6 {[%emt 0:00:04]} 16. Nxf6+ {[%emt 0:00:07]} Nxf6 {[%emt 0:00:13]} 17. Rxe5 {[%emt 0:00:05]} Rxe5 {[%emt 0:00:02]} 18. Nxe5 {[%emt 0:00:00]} Qd5 {[%emt 0:00:31]} 19. Nf3 {[%emt 0:00:25]} c4 {[%emt 0:00:06]} 20. Qf4 {[%emt 0:00:30]} cxd3 {[%emt 0:00:14]} 21. Bxf6 {[%emt 0:00:04]} Bxf6 {[%emt 0:00:01]} 22. Qxf6 {[%emt 0:00:02]} d2 {[%emt 0:00:04]} 23. Qd4 {[%emt 0:00:13]} Rd8 {[%emt 0:00:13]} 24. Qxd5 {[%emt 0:00:02]} Rxd5 {[%emt 0:00:02]} 25. Rd1 {[%emt 0:00:01]} Kg7 {[%emt 0:00:04]} 26. Rxd2 {[%emt 0:00:02]} Rxd2 {[%emt 0:00:02]} 27. Nxd2 {[%emt 0:00:01]} Kf6 {[%emt 0:00:01]} 28. f3 {[%emt 0:00:03]} Ke6 {[%emt 0:00:01]} 29. Kf2 {[%emt 0:00:02]} Ke5 {[%emt 0:00:01]} 30. Ke3 {[%emt 0:00:01]} f5 {[%emt 0:00:02]} 31. Nc4+ {[%emt 0:00:01]} Kd5 {[%emt 0:00:01]} 32. Kd3 {[%emt 0:00:04]} b5 {[%emt 0:00:01]} 33. Ne3+ {[%emt 0:00:01]} Kc5 {[%emt 0:00:03]} 34. g3 {[%emt 0:00:05]} b4 {[%emt 0:00:03]} 35. c4 {[%emt 0:00:01]} a5 {[%emt 0:00:02]} 36. b3 {[%emt 0:00:01]} h6 {[%emt 0:00:06]} 37. Nd5 {[%emt 0:00:02]} Kd6 {[%emt 0:00:04]} 38. Kd4 {[%emt 0:00:03]} Ke6 {[%emt 0:00:05]} 39. Nc7+ {[%emt 0:00:04]} Kd7 {[%emt 0:00:05]} 40. Nb5 {[%emt 0:00:08]} Kc6 {[%emt 0:00:05]} 41. Ke5 {[%emt 0:00:05]} Kb6 {[%emt 0:00:08]} 42. Kf6 {[%emt 0:00:03]} Kc5 {[%emt 0:00:01]} 43. Kxg6 {[%emt 0:00:02]} h5 {[%emt 0:00:04]} 44. Kxf5 {[%emt 0:00:02]} h4 {[%emt 0:00:03]} 45. gxh4 {[%emt 0:00:01]} Kc6 {[%emt 0:00:01]} 46. h5 {[%emt 0:00:01]} Kc5 {[%emt 0:00:00]} 47. h6 {[%emt 0:00:01]} Kc6 {[%emt 0:00:02]} 48. h7 {[%emt 0:00:01]} Kd7 {[%emt 0:00:01]} 49. h8=Q {[%emt 0:00:01]} Ke7 {[%emt 0:00:01]} 50. Qg7+ {[%emt 0:00:02]} Kd8 {[%emt 0:00:04]} 51. Ke6 {[%emt 0:00:01]} Kc8 {[%emt 0:00:01]} 52. Qc7# {[%emt 0:00:03] (Lag: Av=0.58s, max=3.0s)} 1-0

[Event "Is Bankasi Online Satranc Turn.13-14 Yas"]
[Site "T#645826Mustafa Kemal"]
[Date "2020.05.08"]
[Round "1"]
[White "Kadirkaanmazlu94"]
[Black "Eralpcetin82"]
[Result "1-0"]
[WhiteElo "1620"]
[BlackElo "1618"]
[Annotator "NA RC"]
[PlyCount "51"]
[EventDate "2020.05.08"]
[EventType "swiss (blitz)"]

1. e4 {[%emt 0:00:03]} e5 {[%emt 0:00:02]} 2. Nf3 {[%emt 0:00:01]} Nc6 {[%emt 0:00:01]} 3. Bb5 {[%emt 0:00:03]} Nf6 {[%emt 0:00:02]} 4. d3 {[%emt 0:00:01]} a6 {[%emt 0:00:02]} 5. Bxc6 {[%emt 0:00:01]} dxc6 {[%emt 0:00:02]} 6. Nxe5 {[%emt 0:00:01]} Bc5 {[%emt 0:00:02]} 7. O-O {[%emt 0:00:03]} O-O {[%emt 0:00:02]} 8. Nc3 {[%emt 0:00:03]} Bd4 {[%emt 0:00:02]} 9. Nf3 {[%emt 0:00:01]} Bxc3 {[%emt 0:00:02]} 10. bxc3 {[%emt 0:00:00]} Bg4 {[%emt 0:00:03]} 11. h3 {[%emt 0:00:02]} Bh5 {[%emt 0:00:02]} 12. Bg5 {[%emt 0:00:02]} Qd6 {[%emt 0:00:03]} 13. g4 {[%emt 0:00:15]} Bg6 {[%emt 0:00:02]} 14. e5 {[%emt 0:00:02]} Qd7 {[%emt 0:00:31]} 15. exf6 {[%emt 0:00:02]} gxf6 {[%emt 0:00:03]} 16. Bxf6 {[%emt 0:00:03]} h5 {[%emt 0:00:01]} 17. Nh4 {[%emt 0:00:12]} Kh7 {[%emt 0:00:33]} 18. f4 {[%emt 0:00:25]} Rg8 {[%emt 0:00:14]} 19. f5 {[%emt 0:00:05]} Bxf5 {[%emt 0:00:09]} 20. Nxf5 {[%emt 0:00:04]} hxg4 {[%emt 0:00:05]} 21. hxg4 {[%emt 0:00:02]} Qe6 {[%emt 0:00:11]} 22. Bd4 {[%emt 0:00:21]} Rg6 {[%emt 0:00:10]} 23. Qf3 {[%emt 0:00:07]} Kg8 {[%emt 0:00:12]} 24. Qh3 {[%emt 0:00:03]} f6 {[%emt 0:00:14]} 25. Rae1 {[%emt 0:00:21]} Qd5 {[%emt 0:00:11]} 26. Ne7+ {[%emt 0:00:05] Eralpcetin82 terk eder (Lag: Av=0.32s, max=0.7s)} 1-0

[Event "Is Bankasi Online Satranc Turn.13-14 Yas"]
[Site "T#645826Mustafa Kemal"]
[Date "2020.05.08"]
[Round "1"]
[White "Melihguren12"]
[Black "Berkaybozlak42"]
[Result "1-0"]
[WhiteElo "1620"]
[BlackElo "1491"]
[Annotator "NA RC"]
[PlyCount "43"]
[EventDate "2020.05.08"]
[EventType "swiss (blitz)"]

1. e4 {[%emt 0:00:02]} e5 {[%emt 0:00:01]} 2. Nf3 {[%emt 0:00:01]} Nc6 {[%emt 0:00:01]} 3. Bc4 {[%emt 0:00:01]} Bc5 {[%emt 0:00:01]} 4. b4 {[%emt 0:00:01]} Bxb4 {[%emt 0:00:01]} 5. c3 {[%emt 0:00:00]} Bc5 {[%emt 0:00:01]} 6. d4 {[%emt 0:00:01]} exd4 {[%emt 0:00:01]} 7. cxd4 {[%emt 0:00:00]} Bb4+ {[%emt 0:00:01]} 8. Bd2 {[%emt 0:00:01]} Bxd2+ {[%emt 0:00:01]} 9. Qxd2 {[%emt 0:00:00]} Nf6 {[%emt 0:00:03]} 10. e5 {[%emt 0:00:01]} Ne4 {[%emt 0:00:02]} 11. Qe3 {[%emt 0:00:03]} f5 {[%emt 0:00:07]} 12. exf6 {[%emt 0:00:02]} gxf6 {[%emt 0:00:07]} 13. Qxe4+ {[%emt 0:00:01]} Qe7 {[%emt 0:00:02]} 14. Qxe7+ {[%emt 0:00:01]} Kxe7 {[%emt 0:00:00]} 15. O-O {[%emt 0:00:00]} Nxd4 {[%emt 0:00:01]} 16. Nxd4 {[%emt 0:00:01]} f5 {[%emt 0:00:02]} 17. Nxf5+ {[%emt 0:00:01]} Kf6 {[%emt 0:00:01]} 18. Ne3 {[%emt 0:00:01]} Re8 {[%emt 0:00:03]} 19. Nd2 {[%emt 0:00:02]} d5 {[%emt 0:00:02]} 20. Nxd5+ {[%emt 0:00:01]} Ke6 {[%emt 0:00:04]} 21. Nxc7+ {[%emt 0:00:02]} Kd7 {[%emt 0:00:00]} 22. Nxa8 {[%emt 0:00:01] Berkaybozlak42 terk eder (Lag: Av=0.44s, max=1.0s)} 1-0

[Event "Is Bankasi Online Satranc Turn.13-14 Yas"]
[Site "T#645826Mustafa Kemal"]
[Date "2020.05.08"]
[Round "1"]
[White "Mertkabalar06"]
[Black "Ruzgarkemalvay82"]
[Result "1-0"]
[WhiteElo "1620"]
[BlackElo "1534"]
[Annotator "NA RC"]
[PlyCount "34"]
[EventDate "2020.05.08"]
[EventType "swiss (blitz)"]

1. Nf3 {[%emt 0:00:04]} d5 {[%emt 0:00:05]} 2. e3 {[%emt 0:00:06]} Nc6 {[%emt 0:00:12]} 3. d4 {[%emt 0:00:05]} Nf6 {[%emt 0:00:07]} 4. c4 {[%emt 0:00:06]} Bg4 {[%emt 0:00:28]} 5. cxd5 {[%emt 0:00:07]} Qxd5 {[%emt 0:00:08]} 6. Be2 {[%emt 0:00:06]} e6 {[%emt 0:00:06]} 7. Nc3 {[%emt 0:00:06]} Qd8 {[%emt 0:00:05]} 8. O-O {[%emt 0:00:06]} Bd6 {[%emt 0:00:23]} 9. h3 {[%emt 0:00:06]} Bxf3 {[%emt 0:00:05]} 10. Bxf3 {[%emt 0:00:06]} O-O {[%emt 0:00:07]} 11. a3 {[%emt 0:00:07]} Re8 {[%emt 0:00:13]} 12. Qc2 {[%emt 0:00:06]} Kh8 {[%emt 0:00:41]} 13. Bd2 {[%emt 0:00:10]} Kg8 {[%emt 0:00:12]} 14. Rfd1 {[%emt 0:00:08]} Kh8 {[%emt 0:00:23]} 15. Rac1 {[%emt 0:00:06]} Qd7 {[%emt 0:00:04]} 16. Ne2 {[%emt 0:00:06]} Kg8 {[%emt 0:00:02]} 17. g4 {[%emt 0:00:11] Zaman (Lag: Av=0.38s, max=0.5s)} h6 1-0

[Event "Is Bankasi Online Satranc Turn.13-14 Yas"]
[Site "T#645826Mustafa Kemal"]
[Date "2020.05.08"]
[Round "1"]
[White "Muhammedeminar20"]
[Black "Boranaydin70"]
[Result "1-0"]
[WhiteElo "1620"]
[BlackElo "1417"]
[Annotator "NA RC"]
[PlyCount "115"]
[EventDate "2020.05.08"]
[EventType "swiss (blitz)"]

1. d4 {[%emt 0:00:01]} e6 {[%emt 0:00:02]} 2. Nf3 {[%emt 0:00:02]} Nf6 {[%emt 0:00:02]} 3. Bf4 {[%emt 0:00:00]} Be7 {[%emt 0:00:05]} 4. e3 {[%emt 0:00:01]} d5 {[%emt 0:00:01]} 5. Bd3 {[%emt 0:00:02]} c5 {[%emt 0:00:02]} 6. c3 {[%emt 0:00:01]} Nc6 {[%emt 0:00:01]} 7. h3 {[%emt 0:00:01]} O-O {[%emt 0:00:03]} 8. Nbd2 {[%emt 0:00:01]} a6 {[%emt 0:00:06]} 9. a4 {[%emt 0:00:27]} Rb8 {[%emt 0:00:21]} 10. O-O {[%emt 0:00:11]} cxd4 {[%emt 0:00:06]} 11. exd4 {[%emt 0:00:02]} Bd6 {[%emt 0:00:02]} 12. Ne5 {[%emt 0:00:12]} Qc7 {[%emt 0:00:06]} 13. Re1 {[%emt 0:00:04]} Nd7 {[%emt 0:00:12]} 14. Qe2 {[%emt 0:01:01]} Re8 {[%emt 0:00:23]} 15. Bxh7+ {[%emt 0:00:24]} Kf8 {[%emt 0:00:24]} 16. Bd3 {[%emt 0:00:32]} Ndxe5 {[%emt 0:00:13]} 17. dxe5 {[%emt 0:00:04]} Nxe5 {[%emt 0:00:24]} 18. Bxe5 {[%emt 0:00:03]} Bxe5 {[%emt 0:00:01]} 19. Qxe5 {[%emt 0:00:00]} Qxe5 {[%emt 0:00:01]} 20. Rxe5 {[%emt 0:00:00]} Bd7 {[%emt 0:00:14]} 21. Re3 {[%emt 0:00:01]} e5 {[%emt 0:00:06]} 22. Rae1 {[%emt 0:00:08]} e4 {[%emt 0:00:03]} 23. Bc2 {[%emt 0:00:01]} b5 {[%emt 0:00:04]} 24. a5 {[%emt 0:00:08]} b4 {[%emt 0:00:02]} 25. cxb4 {[%emt 0:00:01]} Rxb4 {[%emt 0:00:02]} 26. Bb3 {[%emt 0:00:01]} Be6 {[%emt 0:00:13]} 27. f3 {[%emt 0:00:05]} exf3 {[%emt 0:00:08]} 28. Bxd5 {[%emt 0:00:15]} Rxb2 {[%emt 0:00:10]} 29. Nxf3 {[%emt 0:00:01]} Rb5 {[%emt 0:00:11]} 30. Bxe6 {[%emt 0:00:01]} fxe6 {[%emt 0:00:01]} 31. Rxe6 {[%emt 0:00:02]} Rxe6 {[%emt 0:00:03]} 32. Rxe6 {[%emt 0:00:00]} Rxa5 {[%emt 0:00:00]} 33. Kf2 {[%emt 0:00:06]} Kf7 {[%emt 0:00:01]} 34. Re4 {[%emt 0:00:01]} Ra3 {[%emt 0:00:03]} 35. Re3 {[%emt 0:00:01]} Ra2+ {[%emt 0:00:01]} 36. Re2 {[%emt 0:00:01]} Ra3 {[%emt 0:00:01]} 37. Nd4 {[%emt 0:00:01]} a5 {[%emt 0:00:01]} 38. Nb5 {[%emt 0:00:03]} Rb3 {[%emt 0:00:07]} 39. Nd6+ {[%emt 0:00:01]} Kf6 {[%emt 0:00:03]} 40. Ne4+ {[%emt 0:00:01]} Kf5 {[%emt 0:00:04]} 41. Nc5 {[%emt 0:00:02]} Ra3 {[%emt 0:00:02]} 42. Re3 {[%emt 0:00:10]} Ra2+ {[%emt 0:00:02]} 43. Kf3 {[%emt 0:00:01]} a4 {[%emt 0:00:02]} 44. g4+ {[%emt 0:00:03]} Kg5 {[%emt 0:00:02]} 45. Kg3 {[%emt 0:00:04]} g6 {[%emt 0:00:01]} 46. Ne4+ {[%emt 0:00:02]} Kh6 {[%emt 0:00:02]} 47. Nc3 {[%emt 0:00:02]} Ra3 {[%emt 0:00:01]} 48. Nd5 {[%emt 0:00:01]} Ra2 {[%emt 0:00:03]} 49. Rc3 {[%emt 0:00:04]} a3 {[%emt 0:00:02]} 50. Ne3 {[%emt 0:00:03]} Ra1 {[%emt 0:00:02]} 51. Nc4 {[%emt 0:00:05]} a2 {[%emt 0:00:03]} 52. Kh4 {[%emt 0:00:00]} g5+ {[%emt 0:00:03]} 53. Kg3 {[%emt 0:00:01]} Rg1+ {[%emt 0:00:01]} 54. Kf2 {[%emt 0:00:01]} a1=Q {[%emt 0:00:01]} 55. Ne3 {[%emt 0:00:01]} Qf1+ {[%emt 0:00:01]} 56. Nxf1 {[%emt 0:00:02]} Rh1 {[%emt 0:00:02]} 57. Kg2 {[%emt 0:00:01]} Rg1+ {[%emt 0:00:02]} 58. Kxg1 {[%emt 0:00:01] Zaman (Lag: Av=0.58s, max=0.8s)} 1-0

[Event "Is Bankasi Online Satranc Turn.13-14 Yas"]
[Site "T#645826Mustafa Kemal"]
[Date "2020.05.08"]
[Round "1"]
[White "Mustafaayhanat22"]
[Black "Berkaysemitay32"]
[Result "1-0"]
[WhiteElo "1620"]
[BlackElo "1620"]
[Annotator "NA RC"]
[PlyCount "69"]
[EventDate "2020.05.08"]
[EventType "swiss (blitz)"]

1. d4 {[%emt 0:00:03]} d5 {[%emt 0:00:02]} 2. Nc3 {[%emt 0:00:02]} Nf6 {[%emt 0:00:06]} 3. Bf4 {[%emt 0:00:01]} e6 {[%emt 0:00:02]} 4. Nf3 {[%emt 0:00:05]} c5 {[%emt 0:00:04]} 5. e3 {[%emt 0:00:01]} Nbd7 {[%emt 0:00:05]} 6. Nb5 {[%emt 0:00:12]} a6 {[%emt 0:00:06]} 7. Nc7+ {[%emt 0:00:02]} Ke7 {[%emt 0:00:11]} 8. Nxa8 {[%emt 0:00:03]} cxd4 {[%emt 0:00:09]} 9. exd4 {[%emt 0:00:05]} Ne8 {[%emt 0:00:20]} 10. Bd3 {[%emt 0:00:27]} g6 {[%emt 0:00:12]} 11. O-O {[%emt 0:00:12]} Bg7 {[%emt 0:00:01]} 12. Be5 {[%emt 0:00:09]} f6 {[%emt 0:00:07]} 13. Bg3 {[%emt 0:00:04]} Kf7 {[%emt 0:00:02]} 14. c4 {[%emt 0:00:12]} dxc4 {[%emt 0:00:16]} 15. Bxc4 {[%emt 0:00:03]} b5 {[%emt 0:00:01]} 16. Bb3 {[%emt 0:00:02]} Bb7 {[%emt 0:00:06]} 17. d5 {[%emt 0:00:15]} exd5 {[%emt 0:00:26]} 18. Bxd5+ {[%emt 0:00:05]} Bxd5 {[%emt 0:00:10]} 19. Qxd5+ {[%emt 0:00:04]} Kf8 {[%emt 0:00:01]} 20. Bd6+ {[%emt 0:00:20]} Nxd6 {[%emt 0:00:06]} 21. Qxd6+ {[%emt 0:00:01]} Kg8 {[%emt 0:00:08]} 22. Nc7 {[%emt 0:00:14]} Bf8 {[%emt 0:00:10]} 23. Qd5+ {[%emt 0:00:13]} Kg7 {[%emt 0:00:07]} 24. Ne6+ {[%emt 0:00:02]} Kh6 {[%emt 0:00:27]} 25. Nxd8 {[%emt 0:00:04]} Ne5 {[%emt 0:00:04]} 26. Nxe5 {[%emt 0:00:02]} fxe5 {[%emt 0:00:02]} 27. Qxe5 {[%emt 0:00:01]} Bg7 {[%emt 0:00:01]} 28. Qe3+ {[%emt 0:00:11]} g5 {[%emt 0:00:06]} 29. Nf7+ {[%emt 0:00:02]} Kg6 {[%emt 0:00:02]} 30. Nxh8+ {[%emt 0:00:02]} Bxh8 {[%emt 0:00:04]} 31. Rfe1 {[%emt 0:00:04]} Bxb2 {[%emt 0:00:03]} 32. Qe6+ {[%emt 0:00:04]} Kh5 {[%emt 0:00:01]} 33. g4+ {[%emt 0:00:03]} Kh4 {[%emt 0:00:03]} 34. Rad1 {[%emt 0:00:08]} a5 {[%emt 0:00:04]} 35. Re4 {[%emt 0:00:07] Zaman (Lag: Av=1.25s, max=5.6s)} 1-0

[Event "Is Bankasi Online Satranc Turn.13-14 Yas"]
[Site "T#645826Mustafa Kemal"]
[Date "2020.05.08"]
[Round "1"]
[White "Oguzkagankazik74"]
[Black "Yasarefekayan18"]
[Result "0-1"]
[WhiteElo "1620"]
[BlackElo "1698"]
[Annotator "NA RC"]
[PlyCount "80"]
[EventDate "2020.05.08"]
[EventType "swiss (blitz)"]

1. d4 {[%emt 0:00:03]} e6 {[%emt 0:00:01]} 2. e4 {[%emt 0:00:01]} d5 {[%emt 0:00:02]} 3. Nc3 {[%emt 0:00:01]} Nf6 {[%emt 0:00:02]} 4. e5 {[%emt 0:00:02]} Nfd7 {[%emt 0:00:01]} 5. f4 {[%emt 0:00:02]} c5 {[%emt 0:00:01]} 6. Nf3 {[%emt 0:00:01]} Nc6 {[%emt 0:00:02]} 7. Be3 {[%emt 0:00:01]} Qb6 {[%emt 0:00:09]} 8. Bb5 {[%emt 0:00:40]} a6 {[%emt 0:00:08]} 9. Bxc6 {[%emt 0:00:02]} bxc6 {[%emt 0:00:00]} 10. Rb1 {[%emt 0:00:02]} cxd4 {[%emt 0:00:03]} 11. Nxd4 {[%emt 0:00:04]} c5 {[%emt 0:00:01]} 12. Nb3 {[%emt 0:00:59]} d4 {[%emt 0:00:03]} 13. Na4 {[%emt 0:00:16]} Qb4+ {[%emt 0:00:03]} 14. c3 {[%emt 0:00:08]} Qxa4 {[%emt 0:00:01]} 15. cxd4 {[%emt 0:00:01]} cxd4 {[%emt 0:00:02]} 16. Bxd4 {[%emt 0:00:00]} Bb4+ {[%emt 0:00:31]} 17. Kf1 {[%emt 0:00:18]} Bb7 {[%emt 0:00:16]} 18. Ra1 {[%emt 0:00:24]} O-O {[%emt 0:00:13]} 19. h4 {[%emt 0:00:10]} Qb5+ {[%emt 0:00:07]} 20. Kg1 {[%emt 0:00:02]} Qd5 {[%emt 0:00:13]} 21. Qg4 {[%emt 0:00:03]} Bc5 {[%emt 0:00:21]} 22. Rd1 {[%emt 0:00:09]} h5 {[%emt 0:00:04]} 23. Qg3 {[%emt 0:00:07]} a5 {[%emt 0:00:17]} 24. Kh2 {[%emt 0:00:04]} Bxd4 {[%emt 0:00:03]} 25. Rxd4 {[%emt 0:00:00]} Qc6 {[%emt 0:00:01]} 26. Rc1 {[%emt 0:00:02]} Qb5 {[%emt 0:00:04]} 27. a4 {[%emt 0:00:10]} Qe2 {[%emt 0:00:27]} 28. Rxd7 {[%emt 0:00:01]} Bd5 {[%emt 0:00:01]} 29. Nd4 {[%emt 0:00:01]} Qxb2 {[%emt 0:00:03]} 30. Rd1 {[%emt 0:00:00]} Qa2 {[%emt 0:00:07]} 31. Nf3 {[%emt 0:00:02]} Rab8 {[%emt 0:00:05]} 32. Rg1 {[%emt 0:00:04] '} Rb3 {[%emt 0:00:24]} 33. Kh1 {[%emt 0:00:06]} Rc8 {[%emt 0:00:01]} 34. Rxd5 {[%emt 0:00:01]} exd5 {[%emt 0:00:01]} 35. Qh3 {[%emt 0:00:01]} Rc2 {[%emt 0:00:02]} 36. Qd7 {[%emt 0:00:02]} Rxf3 {[%emt 0:00:03]} 37. Qe8+ {[%emt 0:00:04]} Kh7 {[%emt 0:00:01]} 38. Qg8+ {[%emt 0:00:01]} Kxg8 {[%emt 0:00:01]} 39. Rd1 {[%emt 0:00:01]} Rxg2 {[%emt 0:00:02]} 40. Rd4 {[%emt 0:00:01]} Rh3# {[%emt 0:00:01] (Lag: Av=0.52s, max=4.6s)} 0-1